| 000 | 00443nam a2200169Ia 4500 | ||
|---|---|---|---|
| 008 | 180921t1994 xxu||||| |||| 00| 0 eng d | ||
| 041 | _aeng | ||
| 080 |
_a631.67 _bZWA |
||
| 100 | _aZwarteveen, Margreet | ||
| 245 | _aGender issues water issues | ||
| 260 |
_bIntertional irrigation management institute _c1994 |
||
| 300 | _a62p., 30 cm | ||
| 650 | _aIrrigation | ||
| 942 | _cBK | ||
| 999 |
_c15734 _d15734 |
||
| 003 | LK-CoDNM | ||
| 040 |
_aLK-CoDNM _dLK-CoDNM _eLK-CoDNM |
||